Classifica storica degli europei di calcio - Statistics

Statistiche generali
  • Questo quiz è stato fatto 44 volte
    17 dall'ultimo reset
  • Il punteggio medio è 9 su 36
Statistiche sulle risposte
Nazionale Partecipazioni agli Europei Punti Partite giocate Vinte Pareggiate Perse % Corretto
Germania / Germania Ovest 14 104 58 30 14 14
94%
Spagna 12 99 53 28 15 10
94%
Italia 11 85 49 22 19 8
88%
Francia 11 84 49 23 15 11
81%
Inghilterra 11 70 45 18 16 11
69%
Paesi Bassi 11 78 45 23 9 13
69%
Portogallo 9 75 44 21 12 11
69%
Belgio 7 39 26 12 3 11
50%
Repubblica Ceca / Cecoslovacchia 11 53 40 15 8 17
50%
Russia / Unione Sovietica 12 46 36 13 7 16
50%
Danimarca 10 39 37 10 9 18
44%
Croazia 7 35 25 9 8 8
25%
Svezia 7 28 24 7 11 10
25%
Grecia 4 18 16 5 1 8
19%
Svizzera 6 26 23 5 2 7
19%
Turchia 6 23 23 7 3 14
19%
Polonia 5 14 17 2 4 7
13%
Austria 4 14 14 4 8 8
6%
Bulgaria 2 4 6 1 1 4
6%
Islanda 1 8 5 2 2 1
6%
Macedonia del Nord 1 0 3 0 0 3
6%
Romania 6 12 20 2 3 12
6%
Ucraina 4 13 14 4 4 9
6%
Ungheria 5 13 14 3 1 7
6%
Albania 2 4 6 1 1 4
0%
Finlandia 1 3 3 1 0 2
0%
Galles 2 16 10 5 2 4
0%
Georgia 1 4 4 1 1 2
0%
Irlanda 3 8 10 2 6 6
0%
Irlanda del Nord 1 3 4 1 0 3
0%
Lettonia 1 1 3 1 1 2
0%
Norvegia 1 4 3 0 1 1
0%
Scozia 4 9 12 2 2 7
0%
Serbia / Jusoglavia 6 13 17 3 6 10
0%
Slovacchia 3 11 11 3 2 6
0%
Slovenia 2 6 7 2 1 1
0%
Nessun quiz corrispondente trovato
Distribuzione punteggi
Percentuale di utenti per punteggio
Percentile per numero di risposta
I tuoi punteggi nel tempo
Non hai fatto questo quiz dall'ultimo reset